Anna Margit kiállítása
Elmentve itt :
| Szerző: | |
|---|---|
| Dokumentumtípus: | Cikk |
| Megjelent: |
1969-06-08
|
| Sorozat: | Délmagyarország
59 No. 130 |
| Kulcsszavak: | Festészet magyar 1969, Festészet kiállítás Szeged 1969, műgyűjtők kiállítása |
| Online Access: | http://dmarchiv.bibl.u-szeged.hu/77158 |
| LEADER | 00514nab a2200157 i 4500 | ||
|---|---|---|---|
| 001 | delm77158 | ||
| 005 | 20180928084315.0 | ||
| 008 | 180928s1969 hu o 0|| hun d | ||
| 040 | |a SZTE Délmagyarország Archívum |b hun | ||
| 041 | |a hun | ||
| 100 | 1 | |a Kulka Eszter | |
| 245 | 1 | 0 | |a Anna Margit kiállítása |h [elektronikus dokumentum] / |c Kulka Eszter |
| 260 | |c 1969-06-08 | ||
| 300 | |a 5 | ||
| 490 | 0 | |a Délmagyarország |v 59 No. 130 | |
| 695 | |a Festészet magyar 1969, Festészet kiállítás Szeged 1969, műgyűjtők kiállítása | ||